000
00255 a2200097 4500
001
57385
090
_c
35145
_d
35145
245
_a
Siganls And System
260
_a
United Kingdom
_b
Prentice halll
_c
1991
740
_a
termite affected withdrawn from shelves Acc no 65044
942
_a
NUST-CAE
999
_c
292458
_d
292458